Indy Car Champions - Statistics

General Stats
  • This quiz has been taken 23 times
  • The average score is 11 of 27
Answer Stats
Year Champion % Correct
2003 Scott Dixon
86%
2008 Scott Dixon
86%
2013 Scott Dixon
86%
2015 Scott Dixon
86%
2018 Scott Dixon
86%
2020 Scott Dixon
86%
2014 Will Power
77%
2005 Dan Wheldon
45%
2012 Ryan Hunter-Reay
36%
2017 Josef Newgarden
32%
2019 Josef Newgarden
32%
2016 Simon Pagenaud
32%
2021 Alex Palou
27%
2001 Sam Hornish Jr.
23%
2002 Sam Hornish Jr.
23%
2006 Sam Hornish Jr.
23%
2004 Tony Kanaan
23%
1997 Tony Stewart
23%
1996 Buzz Calkins
18%
2007 Dario Franchitti
18%
2009 Dario Franchitti
18%
2010 Dario Franchitti
18%
2011 Dario Franchitti
18%
1998 Kenny Brack
18%
1996 Scott Sharp
18%
2000 Buddy Lazier
14%
1999 Greg Ray
14%
No matching quizzes found
Score Distribution
Percent of People with Each Score
Percentile by Number Answered
Your Score History
You have not taken this quiz